Советская портретная живопись 1930-х- конца 1950-х годов.

Dettagli Bibliografici
Autore principale: Зингер Л. С. Леонид Семенович
Lingua:russo
Pubblicazione: Москва, Изобразительное искусство, 1989
Soggetti:
Natura: MixedMaterials Libro
KOHA link:https://koha.lib.tpu.ru/cgi-bin/koha/opac-detail.pl?biblionumber=254636

MARC

LEADER 00000nam0a2200000 4500
001 254636
005 20231101232944.0
010 |a 5852000140 
035 |a (RuTPU)RU\TPU\book\277124 
090 |a 254636 
100 |a 20140322d1989 k y0rusy50 ca 
101 0 |a rus 
102 |a RU 
105 |a a z 001zd 
200 1 |a Советская портретная живопись 1930-х- конца 1950-х годов.  |f Л. С. Зингер 
210 |a Москва  |c Изобразительное искусство  |d 1989 
215 |a 320 с.  |c ил. 
320 |a Библиогр.: с.306-308. 
320 |a Указатель имен: с. 315-319. 
606 1 |a Портретная живопись  |2 stltpush  |3 (RuTPU)RU\TPU\subj\70538  |9 84775 
610 1 |a искусство 
610 1 |a живопись 
610 1 |a художники 
610 1 |a СССР 
610 1 |a 20 век 
675 |a 75.041  |v 3 
700 1 |a Зингер  |b Л. С.  |g Леонид Семенович 
801 1 |a RU  |b 63413507  |c 20140322 
801 2 |a RU  |b 63413507  |c 20140411  |g RCR 
942 |c BK